| 000 | 00558 a2200169 4500 | ||
|---|---|---|---|
| 003 | NUST | ||
| 005 | 20230127180333.0 | ||
| 040 | _cNust | ||
| 082 | _a909,GUE | ||
| 100 |
_aGuest, George _9107960 |
||
| 245 |
_aThe March of civilisation / _cGeorge Guest |
||
| 260 |
_aLondon _bG Bell _c1946 |
||
| 300 | _a235:p. | ||
| 505 | _aPART-1: Ancient Civilizations (Page-1), PART-2: Early European Civilizations (Page-43), PART-3: The Middle Ages (Page-69), PART-4: The Modern World (Page-105). | ||
| 650 |
_a civilisation _9107961 |
||
| 942 |
_2ddc _cBK _k909,GUE |
||
| 999 |
_c186146 _d186146 |
||